[Event "South America-ch U20 Girls 7th"]
[Site "Asuncion"]
[Date "2010.05.13"]
[Round "3.5"]
[White "Orbezo Rosales, Ximena Lucia"]
[Black "Toro Pradenas, Maria Jose"]
[Result "1/2-1/2"]
[WhiteElo "1831"]
[BlackElo "2006"]
[PlyCount "118"]
[EventDate "2010.05.11"]
[EventType "swiss"]
[EventRounds "9"]
[EventCountry "PAR"]
[SourceTitle "EXT 2022"]
[Source "ChessBase"]
[SourceDate "2021.10.06"]
[SourceVersion "1"]
[SourceVersionDate "2021.10.06"]
[SourceQuality "1"]

1. e4 c5 2. Nf3 d6 3. d4 cxd4 4. Nxd4 Nf6 5. Nc3 g6 6. Be3 Bg7 7. f3 0-0 8. Qd2 Nc6 9. Bc4 Bd7 10. 0-0-0 Rc8 11. Bb3 Ne5 12. Kb1 Rc5 13. h4 h5 14. Nde2 Nc4 15. Bxc4 Rxc4 16. Bg5 Rc5 17. g4 hxg4 18. h5 Nxh5 19. fxg4 Bxg4 20. Rdg1 Bxe2 21. Nxe2 f6 22. Be3 Kf7 23. Bxc5 dxc5 24. Qc3 b6 25. Qc4+ e6 26. Rd1 Qc7 27. Rd3 Re8 28. Rhd1 Re7 29. Qb5 Bf8 30. Rd8 Ng7 31. Qd3 c4 32. Qd4 Ne8 33. Rd7 Qc6 34. Rxe7+ Bxe7 35. Rh1 Ng7 36. Rh8 e5 37. Qe3 Bc5 38. Qf3 b5 39. Nc3 b4 40. Nd5 Be7 41. Nxe7 Kxe7 42. Rh7 Kf7 43. Qe3 Kg8 44. Qh6 Qd7 45. Rh8+ Kf7 46. Qh1 Qd4 47. Rb8 c3 48. bxc3 bxc3 49. Qe1 Ne6 50. Rb3 Nc5 51. Rxc3 Nxe4 52. Rc7+ Ke6 53. Qa5 Nd2+ 54. Kc1 Ne4 55. Kb1 Nd2+ 56. Kc1 Ne4 57. Kb1 Nd2+ 58. Kc1 Ne4 59. Qa6+ Kf5 1/2-1/2

[Event "South America-ch U20 Girls 7th"]
[Site "Asuncion"]
[Date "2010.05.11"]
[Round "1.5"]
[White "Perez, Dalila"]
[Black "Toro Pradenas, Maria Jose"]
[Result "0-1"]
[WhiteElo "1676"]
[BlackElo "2006"]
[PlyCount "78"]
[EventDate "2010.05.11"]
[EventType "swiss"]
[EventRounds "9"]
[EventCountry "PAR"]
[SourceTitle "EXT 2022"]
[Source "ChessBase"]
[SourceDate "2021.10.06"]
[SourceVersion "1"]
[SourceVersionDate "2021.10.06"]
[SourceQuality "1"]

1. d4 d5 2. c4 c6 3. Nc3 Nf6 4. Nf3 e6 5. Bf4 Bd6 6. Bxd6 Qxd6 7. e3 0-0 8. cxd5 cxd5 9. Bd3 a6 10. 0-0 b5 11. e4 dxe4 12. Nxe4 Nxe4 13. Bxe4 Ra7 14. Re1 f5 15. Bc2 Nc6 16. Bb3 Na5 17. Bc2 Re7 18. b3 Bb7 19. Rc1 Rd8 20. h3 Ree8 21. Nh2 Nc6 22. Nf3 g6 23. Re3 Nxd4 24. Nxd4 Qxd4 25. Qe2 Qd2 26. Re1 Qxe2 27. R1xe2 Kf7 28. b4 Bd5 29. Bb3 Bxb3 30. Rxb3 e5 31. Rc2 Rc8 32. Rd2 Red8 33. Re2 e4 34. a3 Rd3 35. Re3 Rc1+ 36. Kh2 Rxb3 37. Rxb3 Ke6 38. Re3 Ke5 39. Kg3 f4+ 0-1